|
|
|
|
| LEADER |
01042cam a2200229 7i4500 |
| 001 |
0000032508 |
| 005 |
20150727090000.0 |
| 022 |
0 |
0 |
|a 22318666
|
| 090 |
0 |
0 |
|a M 665.5025
|b MAL
|
| 245 |
0 |
0 |
|a Malaysia marine & offchore idustries directory 2014/2015.
|
| 260 |
0 |
0 |
|a Shah Alam:
|b Marshall Cavendish,
|c 2014.
|
| 300 |
# |
# |
|a 268 pages.
|
| 650 |
0 |
0 |
|a Marine engineering --
|x Directories --
|z Malaysia
|
| 650 |
0 |
0 |
|a Ocean engineering --
|x Directories --
|z Malaysia
|
| 650 |
0 |
0 |
|a Offshore oil industry --
|x Directories --
|z Malaysia
|
| 999 |
|
|
|a JHR000405
|b Directories
|c Malaysia
|e MATRADE Southern Regional Office
|
| 999 |
|
|
|a JHR000406H
|b Directories
|c Malaysia
|e MATRADE Southern Regional Office
|
| 999 |
|
|
|a 0000035918
|b Directories
|c Malaysia
|e Business Information Centre
|
| 999 |
|
|
|a PNG001116H
|b Directories
|c Malaysia
|e MATRADE Northern Regional Office
|
| 999 |
|
|
|a SBH001083H
|b Directories
|c Malaysia
|e MATRADE Sabah
|
| 999 |
|
|
|a SRW000510H
|b Directories
|c Malaysia
|e MATRADE Sarawak
|
| 999 |
|
|
|a TRG000394H
|b Directories
|c Malaysia
|e MATRADE Eastern Regional Office
|